Des droits et des obligations des divers commisionnaires ou De la commission en matière d'achats et ventes ...: ouvrage suivi d'une table alphabetique de la matière et de jurisprudence / (Record no. 162498)
[ view plain ]
| 000 -LEADER | |
|---|---|
| campo de control de longitud fija | 00915nam a22002055i 4500 |
| 001 - NÚMERO DE CONTROL | |
| campo de control | 162498 |
| 003 - IDENTIFICADOR DE NÚMERO DE CONTROL | |
| campo de control | ES-MaACL |
| 005 - FECHA Y HORA DE LA ÚLTIMA TRANSACCIÓN | |
| campo de control | 20250809031527.0 |
| 008 - DATOS DE LONGITUD FIJA--INFORMACIÓN GENERAL | |
| campo de control de longitud fija | 040805s1857 fr |||| | fre d |
| 040 ## - FUENTE DE CATALOGACIÓN | |
| Centro catalogador/agencia de origen | CAM |
| Lengua de catalogación | spa |
| Centro/agencia transcriptor | CAM |
| 100 1# - ENTRADA PRINCIPAL--NOMBRE DE PERSONA | |
| Nombre de persona | Pouget, Louis. |
| 9 (RLIN) | 131317 |
| 245 14 - MENCIÓN DEL TÍTULO | |
| Título | Des droits et des obligations des divers commisionnaires ou De la commission en matière d'achats et ventes ...: ouvrage suivi d'une table alphabetique de la matière et de jurisprudence / |
| Mención de responsabilidad, etc. | par Louis Pouget. |
| 260 ## - PUBLICACIÓN, DISTRIBUCIÓN, ETC. | |
| Lugar de publicación, distribución, etc. | Paris : |
| Nombre del editor, distribuidor, etc. | Auguste Durand : |
| -- | Guillaumin et Cie., |
| Fecha de publicación, distribución, etc. | 1857-1858 ( |
| Fabricante | typ. de E. et V. Penaud Frères) |
| 300 ## - DESCRIPCIÓN FÍSICA | |
| Extensión | 4 v. (XVI, 559; XVI, 605; XXXII, 518; VIII, 835 p.) |
| 596 ## - NOTA AL PIE DE IMPRENTA | |
| NOTA AL PIE DE IMPRENTA | Los t. I-II impresos en 1857 y los t. III-IV en 1858. |
| 650 07 - PUNTO DE ACCESO ADICIONAL DE MATERIA--TÉRMINO DE MATERIA | |
| Término de materia o nombre geográfico como elemento de entrada | Derecho mercantil |
| Fuente del encabezamiento o término | embne |
| 9 (RLIN) | 135891 |
| 650 07 - PUNTO DE ACCESO ADICIONAL DE MATERIA--TÉRMINO DE MATERIA | |
| Término de materia o nombre geográfico como elemento de entrada | Derecho marítimo |
| Fuente del encabezamiento o término | embne |
| 9 (RLIN) | 11730 |
| 852 ## - LOCALIZACIÓN | |
| Ubicación | ES-MaACL |
| Número de control de estantería | C-2978-81 |
| Nota libre | -- Enc. hol. |
| Estatus retirado | Estado de pérdida | Estado de daño | No para préstamo | Colección | Biblioteca de origen | Biblioteca actual | Ubicación en estantería | Fecha de adquisición | Total de préstamos | Signatura topográfica completa | Código de barras | Visto por última vez | Precio de reemplazo | Tipo de ítem Koha |
|---|---|---|---|---|---|---|---|---|---|---|---|---|---|---|
| Libros del s. XIX | Biblioteca del Ateneo de Madrid | Biblioteca del Ateneo de Madrid | Sala Palomar | 17/01/2008 | C-2978-81 | 1170236 | 23/02/2023 | 23/02/2023 | Libro impreso antiguo |
